000 00389nam a2200133Ia 4500
008 151001s9999||||xx |||||||||||||| ||und||
100 _aवासुदेव गोविंद आपटे
245 _aरवीचे उज्वल किरण
250 _a4
260 _bएन के पब्लिशिंग हाऊस
260 _c1950
300 _a104
365 _b7
999 _c952140
_d952137